000 01382cam a22003254a 4500
999 _c127886
_d127886
001 14730373
003 ARRUPE
005 20180411100018.0
008 070209s2006 enk b 001 0 eng
010 _a 2007271291
020 _a9781844675449
020 _a1844675440
040 _aDLC
_cDLC
_dDLC
043 _an-us---
050 0 0 _aHV6432
_b.B88 2006
082 0 0 _a363.325/15610973
_222
100 1 _aButler, Judith,
_d1956-
_941329
245 1 0 _aPrecarious life :
_bthe powers of mourning and violence /
_cJudith Butler.
260 _aLondon ;
_aNew York :
_bVerso,
_c2006.
300 _axxi, 168 p. ;
_c20 cm.
504 _aIncludes bibliographical references (p. [153]-161) and index.
650 0 _aWar on Terrorism, 2001-2009
_xMoral and ethical aspects.
_941361
650 0 _aViolence
_xPolitical aspects
_zUnited States.
_941362
650 0 _aNationalism
_zUnited States.
_941363
650 0 _aMass media and public opinion
_zUnited States.
_941350
651 0 _aUnited States
_xForeign relations
_y21st century.
_941364
856 4 2 _3Contributor biographical information
_uhttp://www.loc.gov/catdir/enhancements/fy1312/2007271291-b.html
856 4 2 _3Publisher description
_uhttp://www.loc.gov/catdir/enhancements/fy1312/2007271291-d.html
906 _a7
_bcbc
_corigcop
_d2
_encip
_f20
_gy-gencatlg
942 _2lcc
_cMONOGRAPH